| 000 | 00747nam a2200241 a 4500 | ||
|---|---|---|---|
| 001 | |||
| 003 | |||
| 005 | 20211104131046.0 | ||
| 008 | 081127s1992 dr ac 000 0 spa d | ||
| 040 |
_aDO-SdBNP _bspa _cBPMSU |
||
| 082 |
_a324.27293 _bB742p, 1992 _222 |
||
| 100 | 1 |
_a Bosch, Juan, _d1909-2001 _91 |
|
| 245 | 1 | 3 |
_aEl PLD un partido nuevo en América / _cJuan Bosch. |
| 250 | _a2a. ed. | ||
| 260 |
_aSanto Domingo : _bEl Estudiante, _c1992. |
||
| 300 |
_a177 p. : _bil., retrs. ; _c21 cm. |
||
| 590 | _aInventariado, 2021/VM | ||
| 610 | 2 | _aPartido de la Liberación Dominicana | |
| 650 | 4 |
_aPartidos políticos _xRepública dominicana |
|
| 651 | 4 |
_aRepública Dominicana _xPolítica y gobierno |
|
| 910 | _aVMateo V. | ||
| 942 |
_2ddc _cBK |
||
| 999 |
_c13838 _d13838 |
||